000 00368nam a2200145 i 4500
001 bg
100 1 _aKUNZ, Alfred
245 0 _aPoradnik majsterkowicza fotografa /
_cAlfred Kunz, Dietmar Samplawskij.
260 _aWarszawa,
_c1979.
700 1 _aSAMPLAWSKIJ, Dietmar
040 _cBPK
041 _apol
942 _cKS
008 s pl f |000 0 pol
999 _c19170
_d19170
856 _uhttp://koha.tu.koszalin.pl/cgi-bin/koha/opac-detail.pl?biblionumber=19170
_yKatalog online BPK